000 00436nam a22001457a 4500
008 131218b xxu||||| |||| 00| 0 eng d
020 _a0869202413
050 _aSPC CT1978.D52A34 1981
100 _aDibb, C Emily
_95884
245 _aIvory, apes and peacocks
260 _aBulawayo
_bBooks of Zimbabwe
_c1981
300 _a272p.
_c22cm
650 _aDibb, C. Emily; Zimbabwe - Social life & conditions
_95885
942 _2lcc
_cMONOGRAPH
999 _c119328
_d119328